00901nam a2200277 i 4500001000300000003000900003005001700012008003900029015001700068020001500085040003500100080002700135100002100162245004700183260005500230300002600285336002700311337005400338338002800392380001700420655001700437650001500454650001500469710004100484856009800525bgKOSZ 00520200402141724.0170607s1997 pl g 000 0 pol aPB 1997/8188 a832042111X aWA NcKOSZ 005/RWdKOSZ 005/RW a655.41+801.731.23](03)1 aKalisz, Barbara.10aSłownik wydawcy /coprac. Barbara Kalisz. aWarszawa :bWydawnictwa Naukowo-Techniczne,c1997. a238, [2] s. ;c20 cm. aTekstbtxt2rdacontent aBez urządzenia pośredniczącegobn2rdamedia aWoluminbnc2rdacarrier aKsiążki. 4aEncyklopedia 4aDrukarstwo 4aEdytorstwo2 aWydawnictwa Naukowo-Techniczne4pbl. uhttp://koha.tu.koszalin.pl/cgi-bin/koha/opac-detail.pl?biblionumber=31855yKatalog online BPK